35 best Ajax players from 2015 - 2025 - Statistieken

Algemene statistieken
  • Deze quiz is 73 keer genomen
  • De gemiddelde score is 19 van 35
Antwoordstatistieken
Country Antwoord % Correct
Netherlands De Ligt
96%
Netherlands De Jong
93%
Serbia Tadic
93%
Morocco Ziyech
91%
Cameroon Onana
89%
Brazil Antony
83%
Argentina Tagliafico
81%
Denmark Schone
76%
Denmark Dolberg
74%
Brazil Neres
72%
Argentina Martinez
70%
Morocco Mazraoui
70%
Poland Milik
70%
Netherlands Van de Beek
70%
Mexico Alvarez
69%
Ghana Kudus
67%
Ivory Coast Haller
63%
Netherlands Blind
61%
Netherlands Berghuis
57%
Netherlands Taylor
50%
Netherlands Brobbey
46%
Netherlands Timber
46%
Netherlands Huntelaar
41%
Netherlands Veltman
41%
Germany Younes
41%
Netherlands Gravenberch
33%
Denmark Fischer
31%
Netherlands Rensch
30%
Netherlands Kluivert
24%
Netherlands Promes
20%
Netherlands El Ghazi
19%
Denmark Andersen
15%
Netherlands Schuurs
15%
Netherlands Sinkgraven
15%
Netherlands Bazoer
11%
Geen overeenkomende quizzen gevonden
Scoreverdeling
Procent van Mensen met Elke Score
Percentiel versus Aantal Correcte Antwoorden
Uw Scoregeschiedenis
U heeft deze quiz nog niet genomen